000 00216nam a22001217a 4500
040 _cSK
082 _a813
100 _aNA
245 _aForest Climatology
260 _aNA
_bNA
_c2011
300 _a141p.
942 _cEK
999 _c8968
_d8968